书目信息 |
| 题名: |
工程力学
|
|
| 作者: | 杨庆生 , 杜家政 , 雷钧 主编 | |
| 分册: | ||
| 出版信息: | 北京 科学出版社 2020 |
|
| 页数: | 373页 | |
| 开本: | 26cm | |
| 丛书名: | ||
| 单 册: | ||
| 中图分类: | TB12 | |
| 科图分类: | ||
| 主题词: | 工程力学--高等学校--教材 | |
| 电子资源: | ||
| ISBN: | 978-7-03-064961-4 | |
| 000 | 00994nam0 2200265 450 | |
| 001 | 2275694556 | |
| 005 | 20220929210216.93 | |
| 010 | @a978-7-03-064961-4@dCNY79.80 | |
| 100 | @a20200928d2020 em y0chiy50 ea | |
| 101 | 0 | @achi |
| 102 | @aCN@b110000 | |
| 105 | @aa z 000yy | |
| 200 | 1 | @a工程力学@9gong cheng li xue@f杨庆生,杜家政,雷钧主编 |
| 205 | @a3版 | |
| 210 | @a北京@c科学出版社@d2020 | |
| 215 | @a373页@c图@d26cm | |
| 300 | @a北京高等教育精品教材 科学出版社“十三五”普通高等教育本科规划教材 | |
| 330 | @a本书共分12章,分别为绪论、机构的结构分析、平面机构的运动分析、平面机构的力分析、机械的效率和自锁、机械的平衡、机械的运转及其速度波动的调节、连杆机构及其设计、凸轮机构及其设计、齿轮机构及其设计、齿轮系及其设计和其他常用机构。 | |
| 606 | 0 | @a工程力学@x高等学校@j教材 |
| 690 | @aTB12@v5 | |
| 701 | 0 | @a杨庆生@9yang qing sheng@4主编 |
| 701 | 0 | @a杜家政@9du jia zheng@4主编 |
| 701 | 0 | @a雷钧@9lei jun@4主编 |
| 801 | 0 | @aCN@b91MARC@c20200928 |
| 905 | @aZUCC@dTB12@e10-3 | |
| 工程力学/杨庆生,杜家政,雷钧主编.-3版.-北京:科学出版社,2020 |
| 373页:图;26cm |
| 北京高等教育精品教材 科学出版社“十三五”普通高等教育本科规划教材 |
| ISBN 978-7-03-064961-4:CNY79.80 |
| 本书共分12章,分别为绪论、机构的结构分析、平面机构的运动分析、平面机构的力分析、机械的效率和自锁、机械的平衡、机械的运转及其速度波动的调节、连杆机构及其设计、凸轮机构及其设计、齿轮机构及其设计、齿轮系及其设计和其他常用机构。 |
| ● |
| 相关链接 |
|
|
|
正题名:工程力学
索取号:TB12/10-3
 
预约/预借
| 序号 | 登录号 | 条形码 | 馆藏地/架位号 | 状态 | 备注 |
| 1 | 2000907847 | 2000907847 | 第三书库/ [索取号:TB12/10-3] | 在馆 | |
| 2 | 2000907848 | 2000907848 | 第三书库/ [索取号:TB12/10-3] | 在馆 | |
| 3 | 2000907849 | 2000907849 | 第三书库/ [索取号:TB12/10-3] | 在馆 |